Biological Molecules - Statistics

General Stats
  • This quiz has been taken 98 times
  • The average score is 12 of 20
Answer Stats
Hint Answer % Correct
A hexose monosaccharide also known a 'fruit sugar' Fructose
83%
A hexose monosaccharide synthesised by plants Glucose
82%
Sugar found naturally in milk Lactose
81%
Needed for all life to survive Water
74%
A polysaccharide with a structural role, found in the cell wall of plants Cellulose
72%
A disaccharide formed from one (alpha) glucose molecule and one fructose molecule Sucrose
71%
Double stranded nucleic acid Deoxyribonucleic acid
67%
Storage carbohydrate found in most animals Glycogen
65%
A polysaccharide used as a storage molecule in plants Starch
65%
Single stranded nucleic acid Ribonucleic acid
63%
The above is produced by glucose and... Galactose
58%
The sub-unit of all proteins Amino acids
57%
A disaccharide formed from two (alpha) glucose molecules Maltose
57%
A lipid with hydrophobic and hydrophilic properties, found in cell membranes Phospholipid
56%
Gives blood its ability to carry oxygen Haemoglobin
49%
A hydrophobic molecule found in the cell membrane - often found in too high concentrations of those with obesity Cholesterol
46%
A lipid formed by the condensation of glycerol and fatty acid Triglyceride
42%
Similar to the above, contrastingly does not form side branches Amylose
36%
A type of the above which forms side branches Amylopectin
33%
A fibrous protein found in the tendons of animals Collagen
32%
No matching quizzes found
Score Distribution
Percent of People with Each Score
Percentile by Number Answered
Your Score History
You have not taken this quiz